| 000 | 01006nac a22002897a 4500 | ||
|---|---|---|---|
| 001 | BR2010000752 | ||
| 003 | BR-BrBNA | ||
| 005 | 20240105123809.0 | ||
| 008 | 230509b bl.|||m| |||| 00| 0 por d | ||
| 040 |
_aBR-BrBNA _bpor _cBiblioteca Nacional de Agricultura |
||
| 072 | _aK10; F40 | ||
| 090 | _aK10 BR2010000752 | ||
| 100 | 1 | _aBatista, R.W.C. | |
| 100 | 1 | _aCarvalho, J.O.P. de | |
| 110 | 1 | _aEMBRAPA Amazônia Oriental, Belém, PA (Brasil) | |
| 245 | 1 | _aEfeito da exploração florestal nas populações de espécies arbóreas da família burseraceae em uma floresta de terra firme, na região de Paragominas, PA | |
| 260 | 3 |
_aBelém, PA (Brasil): _c2006. |
|
| 300 | _a4 p. | ||
| 490 |
_aComunicado Técnico - EMBRAPA Amazônia Oriental (Brazil) _vno. 174 _xISSN 1517-2244 |
||
| 650 | _aFLORESTA | ||
| 650 | _aDESMATAMENTO | ||
| 650 | _aBURSERACEAE | ||
| 650 | _aECOLOGIA | ||
| 650 | _aPOPULAÇÃO DE PLANTA | ||
| 909 |
_a202312 _bLúcia Elande _c55 _dLúcia Elande |
||
| 942 |
_2AGRIS _n0 _cMS |
||
| 999 |
_c297035 _d297035 |
||